| 000 | 01291nam a22002657a 4500 | ||
|---|---|---|---|
| 003 | OSt | ||
| 005 | 20260626154157.0 | ||
| 008 | 260625t2024 xxu||||| |||| 00| 0 spa d | ||
| 040 |
_aUnicoc _bspa _c00001 _d00001 |
||
| 082 | _a371.33 | ||
| 100 |
_913134 _aRey Valzacchi, Jorge |
||
| 245 |
_aTecnologías exponenciales, emergentes y convergentes _b: De la innovación a la transformación global de la sociedad _c/ Jorge Rey Valzacchi |
||
| 250 | _a1 Ed. | ||
| 260 |
_aArgentina : _bLatinoamericano de Desarrollo Profesional Docente , _c2024. |
||
| 300 |
_a140 páginas _bIlustraciones, diagramas, tablas, gráficas |
||
| 440 |
_913135 _aAprende Virtual |
||
| 505 |
_tPrimera parte: Fundamentos de las tecnologías exponenciales. -- _tSegunda parte: Las tecnologías exponenciales en detalle. -- _tTercera parte: El futuro de las tecnologías exponenciales. |
||
| 526 | _5Unicoc | ||
| 546 | _aEspañol | ||
| 650 | 0 |
_913166 _aTecnologías emergentes |
|
| 650 | 0 |
_913155 _aTransformación digital en la educación |
|
| 650 | 0 |
_913167 _aCompetencias digitales _xEducación |
|
| 856 |
_yAcceso online exclusivo para comunidad Unicoc. _uhttps://unicoceduco-my.sharepoint.com/:b:/g/personal/direccionbiblioteca_unicoc_edu_co/IQDfz26C6_TvT5KwGPo5GezmAeoI2rMk0vYIYPy0XRUOklQ |
||
| 942 |
_2ddc _cEBOOK |
||
| 999 |
_c10910 _d10910 |
||